000 00850nam a2200253Ia 4500
003 OSt
005 20220925195222.0
006 a|||||r|||| 00| 0
007 ta
008 220923b |||||||| |||| 00| 0 eng d
020 _a1 84542 301 1
_c3395.6700000000001
037 _b222, 09/01/2009, PIONEER BOOK DISTRIBUTORS
_cGeneral Book
040 _aRTL
_cRTL
_beng
041 _2eng
_aeng
082 _aY9(W82):(X), P5
100 _aRichardson Harry W. and others Ed.
_9253836
245 0 _aEconomic impacts of terrorist attacks.
260 _aCheltenham
_bEdward Elgar
_c2005
300 _ax, 315p.
_ccm.
500 _aBibliography: Chapterwise.
650 _aGeography
942 _hY9(W82):(X), P5
_cGB
_2CC
999 _c532250
_d532250